000 00479nam a2200133 a 4500
008 120416s1964 ||||||||||||||||| || u
050 _aTJ 1160 Sha
100 _aSharpe, N. T
245 1 0 _aEngineering materials and workshop processes, book I
260 _aLondon
_bPitman
_c1964
300 _aix, 211p. : ill.
350 _a0.00
995 _D0.00
_FCBU-MAIN LIBRARY (Kitwe)
_H1
_I4.95
_ULOST
_ZMain Library Open Access Collection
999 _c41951
_d41951